Experiencias y proyecciones de las regiones en tiempos de globalización e internalización: las regiones hablan. Reunión nacional de encargados internacionales de las regiones. Documentos anexos
Sábháilte in:
| Údar corparáideach: | |
|---|---|
| Formáid: | LEABHAR |
| Teanga: | Spáinnis |
| Foilsithe / Cruthaithe: |
Santiago
Ministerio del Interior. Subsecretaria de Desarrollo Regional y Administrativo
2002
|
| Eagrán: | 1a. ed |
| Ábhair: | |
| Clibeanna: |
Cuir clib leis
Níl clibeanna ann, Bí ar an gcéad duine le clib a chur leis an taifead seo!
|
MARC
| LEADER | 00000cam a2200000 a 4500 | ||
|---|---|---|---|
| 001 | UCE5662 | ||
| 003 | CL-VaPUC | ||
| 008 | 150305e20020000cl |||||||||||||||||spa|d | ||
| 082 | 0 | 4 | |a 352.007 |b MIN |2 21 |
| 110 | 2 | |a Ministerio del Interior. Subsecretaria de Desarrollo Regional y Administrativo |e author |9 578355 | |
| 245 | 1 | 0 | |a Experiencias y proyecciones de las regiones en tiempos de globalización e internalización: las regiones hablan. Reunión nacional de encargados internacionales de las regiones. Documentos anexos |
| 250 | |a 1a. ed | ||
| 300 | |a 207 p | ||
| 942 | |c BK | ||
| 945 | |d 20150305 12:52:00 |a dcastane | ||
| 260 | |a Santiago |b Ministerio del Interior. Subsecretaria de Desarrollo Regional y Administrativo |c 2002 | ||
| 650 | 0 | |a Regionalización |9 255465 | |
| 650 | 0 | |a Descentralización administrativa (administración descentralizada) |9 255464 | |
| 650 | 0 | |a Planificación regional |9 257050 | |
| 583 | |a last modification |c 20150305 12:52:00 |k Rodrigo Vera | ||
| 999 | |c 358311 |d 358309 | ||
| 952 | |0 0 |1 0 |3 erb |4 0 |6 352_007000000000000_MIN_2002 |7 0 |8 A |9 466944 |a BIBTEO |b BIBTEO |i 5137055 |o 352.007 MIN 2002 |p 5137055 |r 2025-01-17 |w 2019-11-23 |y BK |z Catalogado en:20150305 |k ESU | ||